000 00685nam a2200205 i 4500
001 129156
003 ES-MaACL
005 20230906193440.0
007 t|
008 070607s1930 fr ||||1| fre d
100 1 _aTenot, André.
_9109704
245 1 0 _aTurbines hydrauliques et regulateurs automatiques de vitesse /
_cpar André Tenot.
260 _aParís :
_bLibrairie de l'Enseignement Technique Leon Eyrolles,
_c1930.
300 _a2 v. ;
_c26 cm.
490 1 _aEncyclopedie Industrielle et commerciale
650 0 4 _aTurbinas hidraúlicas.
_917664
830 0 _aEncyclopedie Industrielle et commerciale
_9187235
852 _aES-MaACL
_jA-2461-62
999 _c129156
_d129156